000 00568nam a2200229 a 4500
999 _c2051
_d2051
001 2051
003 BD-JhCC
005 20181112134017.0
008 171029s2007 n |||| || | 000 0 eng d
020 _a9780486452838
035 _a(BD-JhCC)2051
040 _aBD-JhCC
_dBD-JhCC
041 _aeng
082 _a289.98
_bALL 2007
100 _aAllen, James
245 _aAs a Man Thinketh /
_cJames Allen,
260 _aNew York :
_bDover Publications, Inc.
_c2007
300 _a93 p. :
_c22 cm.
650 _aNew Thought
942 _2ddc
_cBK
_02